Australia by Letter - T - Statistics

General Stats
  • This quiz has been taken 13 times
  • The average score is 7 of 10
Answer Stats
Hint Answer % Correct
The Island State Tasmania
100%
What Australians call flip-flops Thongs
83%
What (mainly) Queenslanders call a swimsuit Togs
75%
Inland and coastal are two species of this highly venomous snake Taipan
67%
Carnivorous marsupial which went extinct in 1936 Thylacine
67%
Queensland city which is the largest in Northern Australia Townsville
67%
Cyclone which devasted Darwin on Christmas Day 1974 Tracy
67%
Australia's Country Music Capital, home to the Golden Guitar Tamworth
58%
Iconic chocolate biscuit made by Arnott's Tim Tam
58%
A dog sits on this landmark near Gundagai, New South Wales Tuckerbox
58%
No matching quizzes found
Score Distribution
Percent of People with Each Score
Percentile by Number Answered
Your Score History
You have not taken this quiz